|
|
|
|
| LEADER |
00795nab a2200193 i 4500 |
| 001 |
misc8427 |
| 005 |
20191106143901.0 |
| 008 |
170607s1908 hu o 0|| hun d |
| 022 |
|
|
|a 0025-0260
|
| 040 |
|
|
|a SZTE Miscellanea Repozitórium
|b hun
|
| 041 |
|
|
|a hun
|
| 100 |
1 |
|
|a Karl Lajos
|
| 245 |
1 |
0 |
|a Revue internationale de l'Enseignement
|h [elektronikus dokumentum] :
|b 27. évf. 1907, LIII-LIV. köt. 5, 6, 7, 8. szám : szerk. Picavet Ferenc /
|c Karl Lajos
|
| 260 |
|
|
|c 1908
|
| 300 |
|
|
|a 496-497
|
| 490 |
0 |
|
|a Magyar pedagógia : a Magyar Tudományos Akadémia Pedagógiai Bizottságának folyóirata
|v 17
|
| 695 |
|
|
|a Pedagógiai szakirodalom külföldi szemle 1908, Lapszemle
|
| 700 |
0 |
1 |
|a Picavet Ferenc
|e aut
|
| 856 |
4 |
0 |
|u http://misc.bibl.u-szeged.hu/8427/1/mp_1908_1314_496-497.pdf
|z Dokumentum-elérés
|